00454 2200169 4500001002100000005001500021035002000036245007900056100001600135250001700151300002800168260003400196082000800230084001400238020002200252650001000274INLIS00000000000113320250717061922 a0010-07250000391 aSeri Amalan Masuk Surga :bMenyayangi Makhluk Ciptaan Allah /cNurul Ikoma0 aNurul Ikoma aCetakan ke-1 a32 hlm :bIlus ;c24 cm aSolo :bTiga Serangkai,c2019 a813 a813 NUR s a978-623-206-125-5 4aFiksi